Erobert oder befreit? : Deutschland im internationalen Kraftefeld und die Sowjetische Besatzungszone (1945/46) /

Bibliographic Details
Other Authors: Mehringer, Hartmut, (Editor), Schwartz, Michael, (Editor), Wentker, Hermann, (Editor)
Format: eBook
Language:German
Published: Munchen, [Germany] : R. Oldenbourg Verlag, 1999.
Series:Schriftenreihe der Vierteljahrshefte fur Zeitgeschichte. Sondernummer.
Subjects:
Online Access:Click to View
LEADER 02151nam a2200457 i 4500
001 EBC1346906
003 MiAaPQ
005 20200520144314.0
006 m o d |
007 cr cnu||||||||
008 140630t19991999gw o 000 0 ger d
020 |z 9783486645040 
020 |a 9783486593709 (e-book) 
035 |a (MiAaPQ)EBC1346906 
035 |a (Au-PeEL)EBL1346906 
035 |a (CaPaEBR)ebr10886452 
035 |a (CaONFJC)MIL609233 
035 |a (OCoLC)879550332 
040 |a MiAaPQ  |b eng  |e rda  |e pn  |c MiAaPQ  |d MiAaPQ 
043 |a e-ge--- 
050 4 |a DD261.4  |b .E763 1999 
082 0 |a 943.1087  |2 23 
245 0 0 |a Erobert oder befreit? :  |b Deutschland im internationalen Kraftefeld und die Sowjetische Besatzungszone (1945/46) /  |c herausgegeben von Hartmut Mehringer, Michael Schwartz und Hermann Wentker. 
264 1 |a Munchen, [Germany] :  |b R. Oldenbourg Verlag,  |c 1999. 
264 4 |c 1999 
300 |a 1 online resource (376 pages). 
336 |a text  |2 rdacontent 
337 |a computer  |2 rdamedia 
338 |a online resource  |2 rdacarrier 
490 1 |a Schriftenreihe der Vierteljahrshefte fur Zeitgeschichte Sondernummer 
588 |a Description based on online resource; title from PDF title page (ebrary, viewed June 30, 2014). 
590 |a Electronic reproduction. Ann Arbor, MI : ProQuest, 2015. Available via World Wide Web. Access may be limited to ProQuest affiliated libraries. 
651 0 |a Germany (East)  |x Politics and government. 
655 4 |a Electronic books. 
700 1 |a Mehringer, Hartmut,  |e editor. 
700 1 |a Schwartz, Michael,  |e editor. 
700 1 |a Wentker, Hermann,  |e editor. 
776 0 8 |i Print version:  |t Erobert oder befreit? : Deutschland im internationalen Kraftefeld und die Sowjetische Besatzungszone (1945/46)  |d Munchen, [Germany] : R. Oldenbourg Verlag, c1999   |h vi, 382 pages   |k Schriftenreihe der Vierteljahrshefte fur Zeitgeschichte. Sondernummer.  |z 9783486645040 
797 2 |a ProQuest (Firm) 
830 0 |a Schriftenreihe der Vierteljahrshefte fur Zeitgeschichte.  |p Sondernummer. 
856 4 0 |u https://ebookcentral.proquest.com/lib/matrademy/detail.action?docID=1346906  |z Click to View